Mosaics: a survey of their history and techniques
Furkejuvvon:
| Váldodahkki: | |
|---|---|
| Materiálatiipa: | Girji |
| Giella: | eaŋgalasgiella |
| Almmustuhtton: |
Nueva York
Praeger Publishers
1970
|
| Fáttát: | |
| Fáddágilkorat: |
Lasit fáddágilkoriid
Eai fáddágilkorat, Lasit vuosttaš fáddágilkora!
|
MARC
| LEADER | 00000nam a2200000 a 4500 | ||
|---|---|---|---|
| 001 | UCV8768 | ||
| 003 | CL-VaPUC | ||
| 008 | 911204e19700000US |||||||||||||||||eng|d | ||
| 082 | 0 | 4 | |a 729.7 |b ROS |2 21 |
| 100 | 0 | |a Rossi, Ferdinando |e author |9 302786 | |
| 245 | 1 | 0 | |a Mosaics: a survey of their history and techniques |
| 300 | |a 200 p | ||
| 942 | |c BK | ||
| 945 | |d 19911204 00:00:00 | ||
| 260 | |a Nueva York |b Praeger Publishers |c 1970 | ||
| 650 | 0 | |a Mosaicos |9 267156 | |
| 583 | |a last modification |c 19911204 00:00:00 |k Rodrigo Vera | ||
| 999 | |c 214228 |d 214226 | ||
| 952 | |0 0 |1 0 |4 0 |6 729_700000000000000_ROS_1970 |7 0 |8 A |9 197405 |a BIBARQ |b BIBARQ |d 2019-11-14 |i 2650665 |o 729.7 ROS 1970 |p 2650665 |r 2025-01-20 |w 2019-11-14 |y BK |k ARQ | ||